[Event "Titled Tuesday intern op 12th Mar Early"]
[Site "Chess.com INT"]
[Date "2024.03.12"]
[Round "4"]
[White "Arabidze, Meri"]
[Black "Iljin, Timofey"]
[Result "1-0"]
[WhiteElo "2458"]
[BlackElo "2285"]
[PlyCount "119"]
[EventDate "2024.03.12"]
[EventType "swiss (blitz)"]
[EventRounds "11"]
[EventCountry "USA"]
[SourceTitle "CB12_2024"]
[SourceDate "2023.10.01"]
[SourceVersion "1"]
[SourceVersionDate "2023.10.01"]
[SourceQuality "1"]

1. d4 Nf6 2. c4 g6 3. g3 Bg7 4. Bg2 0-0 5. Nf3 d6 6. 0-0 Nbd7 7. Nc3 e5 8. e4 Re8 9. h3 c6 10. Re1 exd4 11. Nxd4 Nc5 12. Qc2 a5 13. Be3 Bd7 14. Rad1 Qc8 15. Kh2 Re5 16. Nde2 Rh5 17. Nf4 Ng4+ 18. Kg1 Nxe3 19. Rxe3 Rh6 20. h4 Be5 21. Nce2 Bg4 22. Re1 Ne6 23. Nxe6 Qxe6 24. b3 Re8 25. f3 Bh3 26. f4 Bxg2 27. Kxg2 Bf6 28. Qd2 Qg4 29. Rh1 Rxh4 30. Rxh4 Bxh4 31. Qxa5 f5 32. Qc7 Rxe4 33. Qc8+ Kg7 34. Rxe4 Bf6 35. Re3 h5 36. Qxb7+ Kh6 37. Qxc6 h4 38. Qf3 h3+ 39. Kh2 Bd8 40. Qxg4 fxg4 41. Re6 Bb6 42. Rxd6 Bf2 43. b4 Kh5 44. Rd8 g5 45. Rh8+ Kg6 46. fxg5 Kxg5 47. c5 Kf5 48. c6 Ke4 49. c7 Kf3 50. c8Q Kxe2 51. Qxg4+ Kf1 52. Qxh3+ Ke2 53. Re8+ Be3 54. Rxe3+ Kd2 55. b5 Kc2 56. b6 Kc1 57. b7 Kb2 58. b8Q+ Ka1 59. Qf1+ Kxa2 60. Qa6# 1-0

[Event "Titled Tuesday intern op 12th Mar Early"]
[Site "Chess.com INT"]
[Date "2024.03.12"]
[Round "6"]
[White "Arslanov, Shamil"]
[Black "Iljin, Timofey"]
[Result "0-1"]
[WhiteElo "2410"]
[BlackElo "2285"]
[PlyCount "116"]
[EventDate "2024.03.12"]
[EventType "swiss (blitz)"]
[EventRounds "11"]
[EventCountry "USA"]
[SourceTitle "CB12_2024"]
[SourceDate "2023.10.01"]
[SourceVersion "1"]
[SourceVersionDate "2023.10.01"]
[SourceQuality "1"]

1. d4 Nf6 2. f3 d5 3. e4 dxe4 4. Nc3 e3 5. Bxe3 e6 6. Bd3 Be7 7. f4 0-0 8. Nf3 c5 9. Qe2 Nc6 10. 0-0-0 Qa5 11. dxc5 Nb4 12. a3 Nxd3+ 13. Qxd3 Bxc5 14. Bxc5 Qxc5 15. Ne5 b6 16. Qf3 Ba6 17. g4 Rac8 18. Rd2 b5 19. g5 Nd5 20. Nxd5 exd5 21. Nd7 Qc4 22. b3 Qc7 23. Nxf8 Rxf8 24. Qxd5 Bb7 25. Qxb5 Bxh1 26. Qb4 Re8 27. h4 a5 28. Qd4 g6 29. Kb2 Qe7 30. a4 Bc6 31. Qc3 Rc8 32. Qd4 Be8 33. h5 gxh5 34. f5 Qxg5 35. f6 Kh8 36. Rd1 Rc6 37. Rf1 Qc5 38. Qd2 Qe5+ 39. Ka2 h4 40. Re1 Qxf6 41. Rxe8+ Kg7 42. Qe2 h3 43. Re3 Qg6 44. Qh2 Rxc2+ 45. Ka3 Rxh2 46. b4 axb4+ 47. Kxb4 Qd6+ 48. Kc4 Qc6+ 49. Kb4 Rb2+ 50. Ka3 Rb8 51. Rb3 Rxb3+ 52. Kxb3 h2 53. a5 h1Q 54. a6 Qhd5+ 55. Kb2 Qcb5+ 56. Ka1 Qd1+ 57. Ka2 Qdb3+ 58. Ka1 Q3a4# 0-1

[Event "Titled Tuesday intern op 12th Mar Early"]
[Site "Chess.com INT"]
[Date "2024.03.12"]
[Round "3"]
[White "Iljin, Timofey"]
[Black "Alfaro Rojas, Alfonso Jose"]
[Result "1/2-1/2"]
[WhiteElo "2285"]
[BlackElo "2317"]
[PlyCount "140"]
[EventDate "2024.03.12"]
[EventType "swiss (blitz)"]
[EventRounds "11"]
[EventCountry "USA"]
[SourceTitle "CB12_2024"]
[SourceDate "2023.10.01"]
[SourceVersion "1"]
[SourceVersionDate "2023.10.01"]
[SourceQuality "1"]

1. e4 c5 2. c3 d5 3. exd5 Qxd5 4. d4 Nc6 5. Nf3 Bf5 6. Be2 Nf6 7. 0-0 e6 8. Be3 cxd4 9. cxd4 Be7 10. Nc3 Qd6 11. a3 0-0 12. Qb3 a6 13. Rfd1 Na5 14. Qa4 Nc6 15. Rac1 b5 16. Qb3 Na5 17. Qa2 Rac8 18. Ne5 Nc6 19. Nf3 Rfd8 20. h3 h6 21. Bf1 Bf8 22. a4 Nb4 23. Qa3 Qb8 24. axb5 Nd3 25. Qxa6 Nxc1 26. Rxc1 Nd5 27. Ne5 Nxe3 28. fxe3 Bb4 29. g4 Be4 30. Bg2 Bxg2 31. Kxg2 Bxc3 32. bxc3 Rd5 33. Nc6 Rxc6 34. Qxc6 Rxb5 35. Rc2 Rb1 36. c4 Qb3 37. Qa8+ Kh7 38. Qe4+ g6 39. Rf2 Rb2 40. Qf3 f5 41. gxf5 gxf5 42. Rxb2 Qxb2+ 43. Qf2 Qc1 44. c5 Qc4 45. Qf3 Kg6 46. Qg3+ Kf6 47. Qe5+ Kg5 48. Qf4+ Kg6 49. Qg3+ Kf6 50. Qf2 Qd5+ 51. Qf3 Qc4 52. c6 Qc2+ 53. Kg3 Qc4 54. Qg2 Qd3 55. Qf2 Qc3 56. Qf3 Kg6 57. Kg2 Kf6 58. Qf4 Kg6 59. c7 Qc2+ 60. Kg3 h5 61. Qd6 h4+ 62. Kf3 Qe4+ 63. Kf2 Qc2+ 64. Kg1 Qd1+ 65. Kh2 Qe2+ 66. Kh1 Qf1+ 67. Kh2 Qf2+ 68. Kh1 Qf1+ 69. Kh2 Qf2+ 70. Kh1 Qf1+ 1/2-1/2

[Event "Titled Tuesday intern op 12th Mar Early"]
[Site "Chess.com INT"]
[Date "2024.03.12"]
[Round "8"]
[White "Iljin, Timofey"]
[Black "Maltsevskaya, Aleksandra"]
[Result "1-0"]
[WhiteElo "2285"]
[BlackElo "2374"]
[PlyCount "95"]
[EventDate "2024.03.12"]
[EventType "swiss (blitz)"]
[EventRounds "11"]
[EventCountry "USA"]
[SourceTitle "CB12_2024"]
[SourceDate "2023.10.01"]
[SourceVersion "1"]
[SourceVersionDate "2023.10.01"]
[SourceQuality "1"]

1. e4 c5 2. c3 g6 3. d4 cxd4 4. cxd4 d5 5. exd5 Bg7 6. Nc3 Nf6 7. Bb5+ Nbd7 8. Nf3 0-0 9. 0-0 Nb6 10. h3 Nfxd5 11. Re1 Be6 12. Ne4 Bd7 13. Bf1 Bc6 14. Bg5 h6 15. Bh4 Rc8 16. Qd2 Nf6 17. Bxf6 exf6 18. Qf4 f5 19. Nc5 Nd5 20. Qd2 b6 21. Nd3 Nf6 22. Nde5 Bb7 23. Rad1 Ne4 24. Qf4 Rc2 25. Re2 Rxe2 26. Bxe2 Qd6 27. Bc4 Bd5 28. b3 Nc3 29. Re1 b5 30. Bd3 Be4 31. Qe3 Bxd3 32. Qxd3 Rc8 33. h4 a6 34. h5 Ne4 35. hxg6 fxg6 36. a4 Kh7 37. axb5 axb5 38. Qxb5 Rc2 39. Qe8 Nxf2 40. Nh4 Bxe5 41. dxe5 Nh3+ 42. Kh1 Nf2+ 43. Kg1 Nh3+ 44. Kh2 Qc6 45. Qf7+ Kh8 46. Nxg6+ Qxg6 47. Qxg6 Nf4 48. Qxh6+ 1-0

[Event "Titled Tuesday intern op 13th Feb Early"]
[Site "Chess.com INT"]
[Date "2024.02.13"]
[Round "3"]
[White "Iljin, Timofey"]
[Black "Barria Zuniga, Daniel"]
[Result "1-0"]
[WhiteElo "2285"]
[BlackElo "2341"]
[PlyCount "47"]
[EventDate "2024.02.13"]
[EventType "swiss (blitz)"]
[EventRounds "11"]
[EventCountry "USA"]
[SourceTitle "CB08_2024"]
[SourceDate "2024.02.21"]
[SourceVersion "1"]
[SourceVersionDate "2024.02.21"]
[SourceQuality "1"]

1. e4 c5 2. c3 e6 3. d4 d5 4. Nd2 cxd4 5. cxd4 Nc6 6. Ngf3 dxe4 7. Nxe4 Bb4+ 8. Nc3 Nf6 9. Bd3 0-0 10. 0-0 Be7 11. Re1 b6 12. Bb1 Bb7 13. a3 Qd6 14. Qd3 Rad8 15. Ne4 Nxe4 16. Qxe4 g6 17. Bh6 Rfe8 18. Ba2 Bf6 19. Rad1 Ba8 20. d5 Ne7 21. dxe6 Qxd1 22. exf7+ Kh8 23. fxe8Q+ Rxe8 24. Qe6 1-0

[Event "Titled Tuesday intern op 16th Jan Early"]
[Site "Chess.com INT"]
[Date "2024.01.16"]
[Round "3"]
[White "Abdilkhair, Abilmansur"]
[Black "Iljin, Timofey"]
[Result "0-1"]
[WhiteElo "2357"]
[BlackElo "2285"]
[PlyCount "76"]
[EventDate "2024.01.16"]
[EventType "swiss (blitz)"]
[EventRounds "11"]
[EventCountry "USA"]
[SourceTitle "CB04_2024"]
[SourceDate "2023.10.16"]
[SourceVersion "1"]
[SourceVersionDate "2023.10.16"]
[SourceQuality "1"]

1. d4 f5 2. g3 Nf6 3. Bg2 g6 4. c4 Bg7 5. Nc3 0-0 6. Nf3 d6 7. 0-0 Qe8 8. Re1 e5 9. e4 Nc6 10. exf5 Bxf5 11. dxe5 dxe5 12. Nh4 Rd8 13. Qa4 Nd4 14. Nxf5 gxf5 15. Be3 Qxa4 16. Nxa4 Nc2 17. Bxb7 Nxa1 18. Rxa1 a5 19. Bg2 Rfe8 20. Nc5 Rd6 21. Nb7 Rde6 22. Nxa5 e4 23. Nb3 Ng4 24. Bf4 Bxb2 25. Rb1 Be5 26. Bxe5 Nxe5 27. Nd4 Rf6 28. Rb7 Rd8 29. Nb5 Rd1+ 30. Bf1 Nf3+ 31. Kg2 Rh6 32. h4 Nxh4+ 33. gxh4 Rg6+ 34. Kh2 Rxf1 35. Rxc7 Rxf2+ 36. Kh3 f4 37. h5 Rg3+ 38. Kh4 Rh2# 0-1

[Event "Titled Tuesday intern op 16th Jan Early"]
[Site "Chess.com INT"]
[Date "2024.01.16"]
[Round "4"]
[White "Iljin, Timofey"]
[Black "Kacprzak, Kacper"]
[Result "0-1"]
[WhiteElo "2285"]
[BlackElo "2280"]
[PlyCount "132"]
[EventDate "2024.01.16"]
[EventType "swiss (blitz)"]
[EventRounds "11"]
[EventCountry "USA"]
[SourceTitle "CB04_2024"]
[SourceDate "2023.10.16"]
[SourceVersion "1"]
[SourceVersionDate "2023.10.16"]
[SourceQuality "1"]

1. d4 Nf6 2. Nc3 d5 3. Bf4 a6 4. Qd2 e6 5. e3 b5 6. a3 Bb7 7. Bd3 Nbd7 8. Nge2 c5 9. dxc5 e5 10. Bg3 e4 11. Bxb5 axb5 12. Nxb5 Bxc5 13. Nc7+ Ke7 14. Nxa8 Qxa8 15. 0-0 Rc8 16. a4 Kf8 17. b4 Ba7 18. Nd4 Nb6 19. Bd6+ Kg8 20. a5 Nc4 21. Qe2 Nxd6 22. a6 Bc6 23. b5 Bd7 24. Rfb1 Nc4 25. Nc6 Bxc6 26. bxc6 Qxc6 27. Rb7 Qc5 28. Rab1 h6 29. R1b5 Qc6 30. h3 Nd6 31. Rxa7 Nxb5 32. Rb7 Qxa6 33. Rxb5 Qa1+ 34. Kh2 Qc3 35. Rb7 Qxc2 36. Qe1 Qc3 37. Qb1 Qe5+ 38. g3 d4 39. Qb2 Rd8 40. Rb4 Qf5 41. g4 Qf3 42. Rxd4 Rxd4 43. exd4 Nd5 44. Qb8+ Kh7 45. Qe5 Qf4+ 46. Qxf4 Nxf4 47. Kg3 Ne2+ 48. Kh4 Nxd4 49. f4 Nf3+ 50. Kg3 g5 51. fxg5 hxg5 52. h4 Nxh4 53. Kh3 f5 54. Kg3 f4+ 55. Kf2 e3+ 56. Ke2 Kg6 57. Kd3 Kf6 58. Ke4 e2 59. Kd3 e1Q 60. Kd4 f3 61. Kc4 f2 62. Kd4 f1Q 63. Kd5 Qd3+ 64. Kc6 Qec3+ 65. Kb6 Qb1+ 66. Ka7 Qca1# 0-1

[Event "Titled Tuesday intern op 16th Jan Early"]
[Site "Chess.com INT"]
[Date "2024.01.16"]
[Round "1"]
[White "Lazavik, Denis"]
[Black "Iljin, Timofey"]
[Result "1-0"]
[WhiteElo "2566"]
[BlackElo "2285"]
[PlyCount "89"]
[EventDate "2024.01.16"]
[EventType "swiss (blitz)"]
[EventRounds "11"]
[EventCountry "USA"]
[SourceTitle "CB04_2024"]
[SourceDate "2023.10.16"]
[SourceVersion "1"]
[SourceVersionDate "2023.10.16"]
[SourceQuality "1"]

1. d4 f5 2. c4 Nf6 3. Nf3 g6 4. g3 Bg7 5. Bg2 0-0 6. 0-0 d6 7. Nc3 Qe8 8. d5 Na6 9. Be3 Bd7 10. Rc1 Ng4 11. Bd4 Bh6 12. e3 c5 13. dxc6 bxc6 14. h3 Nf6 15. Qa4 Qc8 16. Bxf6 Rxf6 17. b4 Bg7 18. a3 h6 19. Qc2 g5 20. b5 Nc5 21. Nd4 f4 22. exf4 cxb5 23. fxg5 Rf7 24. g6 Rf8 25. Nd5 Qd8 26. Nxb5 Rc8 27. Nxa7 Ra8 28. Nb5 Bxb5 29. cxb5 Rxa3 30. Rb1 e6 31. Nf4 Rc3 32. Qe2 Qf6 33. b6 Qf5 34. b7 Rb8 35. Rb5 d5 36. Re1 Rc2 37. Qd1 Rxb7 38. Rxb7 Nxb7 39. Be4 dxe4 40. Qxc2 Nd6 41. Qc6 Qe5 42. Qd7 Nc4 43. Qf7+ Kh8 44. Qe8+ Bf8 45. Qxf8# 1-0

[Event "Titled Tuesday intern op 09th Jan Early"]
[Site "Chess.com INT"]
[Date "2024.01.09"]
[Round "5"]
[White "Llari, Marc"]
[Black "Iljin, Timofey"]
[Result "0-1"]
[WhiteElo "2066"]
[BlackElo "2285"]
[PlyCount "108"]
[EventDate "2024.01.09"]
[EventType "swiss (blitz)"]
[EventRounds "11"]
[EventCountry "USA"]
[SourceTitle "CB03_2024"]
[SourceDate "2024.01.17"]
[SourceVersion "1"]
[SourceVersionDate "2024.01.17"]
[SourceQuality "1"]

1. d4 f5 2. Nf3 Nf6 3. g3 g6 4. Bg2 Bg7 5. 0-0 0-0 6. c4 d6 7. Nc3 Qe8 8. d5 Na6 9. Nd4 Bd7 10. a3 Nc5 11. b4 Nce4 12. Nxe4 Nxe4 13. Bb2 c5 14. dxc6 bxc6 15. Qc2 e5 16. Nb3 Qf7 17. Bxe4 fxe4 18. Qxe4 Bh3 19. Qxc6 Bxf1 20. Rxf1 Rac8 21. Qxd6 Qxc4 22. Nc5 Qxe2 23. Ne6 Qxb2 24. Qd7 e4 25. Nxf8 Rxf8 26. Qxa7 Bd4 27. Qb7 e3 28. Qd5+ Kh8 29. Qd6 exf2+ 30. Kg2 Bg7 31. Qd3 Qf6 32. Qe3 Qc6+ 33. Kh3 Qc8+ 34. Kg2 Qa8+ 35. Kh3 Qf3 36. Qxf3 Rxf3 37. a4 Bd4 38. b5 Ra3 39. Rb1 Rxa4 40. Kg2 Ra7 41. b6 Rb7 42. Kf1 Rxb6 43. Rd1 Bf6 44. Kxf2 Ra6 45. Kg1 Kg7 46. Rf1 Be5 47. Kg2 Ra2+ 48. Kh3 Ra5 49. Re1 h5 50. Rf1 Kh6 51. Rf2 g5 52. Kg2 Rb5 53. Rc2 Rb2 54. Rxb2 Bxb2 0-1

[Event "RUS-chT Rapid"]
[Site "Sochi"]
[Date "2023.10.18"]
[Round "2.19"]
[White "Zakhartsov, Vladimir"]
[Black "Iljin, Timofey"]
[Result "1-0"]
[WhiteElo "2523"]
[BlackElo "2285"]
[PlyCount "139"]
[EventDate "2023.10.18"]
[EventType "team-swiss (rapid)"]
[EventRounds "9"]
[EventCountry "RUS"]
[SourceTitle "Mega2024 Update 01"]
[Source "Chessbase"]
[SourceDate "2023.11.12"]
[SourceVersion "1"]
[SourceVersionDate "2023.11.12"]
[SourceQuality "1"]
[WhiteTeam "Moscow MGFSO"]
[BlackTeam "Qmal QNAO"]
[WhiteTeamCountry "RUS"]
[BlackTeamCountry "RUS"]

1. d4 d5 2. c4 e6 3. Nf3 Nf6 4. g3 dxc4 5. Bg2 Nc6 6. Qa4 Bb4+ 7. Bd2 Nd5 8. Bxb4 Ndxb4 9. 0-0 Rb8 10. Nc3 a6 11. Ne5 0-0 12. Nxc6 Nxc6 13. Bxc6 bxc6 14. Qxc4 Qd6 15. b3 Rb4 16. Ne4 Qxd4 17. Qxd4 Rxd4 18. f3 Rfd8 19. Rfc1 a5 20. Kf2 f5 21. Nc5 e5 22. Rc3 f4 23. Nd3 fxg3+ 24. hxg3 e4 25. Ne5 Bb7 26. f4 a4 27. Ke3 Rb4 28. a3 Rxb3 29. Rxb3 axb3 30. Rb1 c5 31. Rxb3 Bd5 32. Rc3 Ra8 33. Nd7 c4 34. Kd4 c6 35. Nc5 Kf7 36. Nxe4 Bxe4 37. Kxe4 Ke7 38. Kd4 Ra4 39. Kc5 Kd7 40. e4 g6 41. g4 h5 42. gxh5 gxh5 43. f5 h4 44. e5 Ra5+ 45. Kd4 Rd5+ 46. Ke4 Rd3 47. Rxc4 Rxa3 48. Rd4+ Ke8 49. f6 h3 50. Kf5 Rf3+ 51. Ke6 c5 52. Rh4 Kd8 53. f7 c4 54. Rd4+ Kc7 55. Rxc4+ Kb6 56. Rh4 Kc5 57. Rh8 Kd4 58. f8Q Rxf8 59. Rxf8 h2 60. Rh8 Ke3 61. Rxh2 Ke4 62. Rh4+ Kd3 63. Kd5 Kc3 64. e6 Kd3 65. e7 Kc3 66. e8Q Kd3 67. Rh3+ Kd2 68. Qe3+ Kd1 69. Qf2 Kc1 70. Rh1# 1-0

[Event "RUS-chT Blitz"]
[Site "Sochi"]
[Date "2023.10.17"]
[Round "6.23"]
[White "Iljin, Timofey"]
[Black "Kukhmazov, Arsen"]
[Result "1/2-1/2"]
[WhiteElo "2285"]
[BlackElo "2498"]
[PlyCount "96"]
[EventDate "2023.10.17"]
[EventType "team-swiss (blitz)"]
[EventRounds "13"]
[EventCountry "RUS"]
[SourceTitle "Mega2024 Update 01"]
[Source "Chessbase"]
[SourceDate "2023.11.12"]
[SourceVersion "1"]
[SourceVersionDate "2023.11.12"]
[SourceQuality "1"]
[WhiteTeam "Qmal QNAO"]
[BlackTeam "Vologodsk Region"]
[WhiteTeamCountry "RUS"]
[BlackTeamCountry "RUS"]

1. d4 Nf6 2. c4 e6 3. Nc3 Bb4 4. e3 0-0 5. a3 Bxc3+ 6. bxc3 c6 7. Bd3 d5 8. Ne2 b6 9. cxd5 cxd5 10. c4 Ba6 11. cxd5 Qxd5 12. 0-0 Bxd3 13. Qxd3 Nc6 14. Bb2 Na5 15. Rac1 Rfc8 16. f3 Nc4 17. Ba1 b5 18. e4 Qd7 19. d5 exd5 20. Bxf6 gxf6 21. exd5 Re8 22. Nc3 a6 23. Ne4 Qf5 24. Qd4 Kg7 25. Rxc4 bxc4 26. Nd6 Qe5 27. Nxe8+ Rxe8 28. Qxc4 Qe3+ 29. Kh1 Qxa3 30. Qg4+ Kf8 31. Qd4 Qd6 32. h3 a5 33. Ra1 Ra8 34. Qc4 a4 35. Rxa4 Rxa4 36. Qxa4 Qxd5 37. Qa1 Kg7 38. Qe1 Qe5 39. Qf2 h5 40. f4 Qe4 41. Kh2 Qf5 42. Qh4 Kg6 43. Qg3+ Kh7 44. Qf3 Kg6 45. g4 hxg4 46. hxg4 Qc2+ 47. Kg3 f5 48. gxf5+ Kf6 1/2-1/2